00872nam a2200265 a 4500090001000000001000800010005001700018008004100035010001700076020001500093040001800108050002200126082001900148245004400167260004500211300003500256650004100291740002400332942002100356999001700377336002600394337002800420338002700448952013100475 c10742286218920240818092907.0850301s1986 flua b 001 0 eng  a 85070837  a0120442558 aDLCcDLCdDLC00aQD453.2b.A3 198600a541.3219bVEM12aPhysical chemistry /cG. K. Vemulapalli aNew Delhi:bPrentice-Hallof India,c2001 axxiv, 991 p. :bill. ;c27 cm. 0aChemistry, Physical and theoretical.0 aPhysical chemistry. 2ddccBBhRDA-MOD c10742d10742 2rdacontentatextbtxt aunmediated2rdamediabn avolumebnc2rdacarrier 00102ddc40708AlahramaMAINbMAINc1STd2009-02-08ePurchaseg97.40h6398l0o541.3 VEMp000014704r2025-07-15 00:00:00yBB